Money and finance in the indian economy: selected papers, volume II (Record no. 415155)

000 -LEADER
fixed length control field 00497cam a22001577a 4500
008 - FIXED-LENGTH DATA ELEMENTS--GENERAL INFORMATION
fixed length control field 180718b2009 xxu||||| |||| 00| 0 eng d
020 ## - INTERNATIONAL STANDARD BOOK NUMBER
International Standard Book Number 0195696980
082 ## - DEWEY DECIMAL CLASSIFICATION NUMBER
Classification number T41x54 R137
100 ## - MAIN ENTRY--PERSONAL NAME
Personal name Rakshit, Mihir
245 ## - TITLE STATEMENT
Title Money and finance in the indian economy: selected papers, volume II
Statement of responsibility, etc. by Mihir Rakshit
260 ## - PUBLICATION, DISTRIBUTION, ETC.
Place of publication, distribution, etc. New Delhi
Name of publisher, distributor, etc. Oxford University Press
Date of publication, distribution, etc. 2009
300 ## - PHYSICAL DESCRIPTION
Extent 293p.
650 ## - SUBJECT ADDED ENTRY--TOPICAL TERM
Topical term or geographic name entry element India --Economic policy.
650 ## - SUBJECT ADDED ENTRY--TOPICAL TERM
Topical term or geographic name entry element Finance, Public --India
650 ## - SUBJECT ADDED ENTRY--TOPICAL TERM
Topical term or geographic name entry element Monetary policy --India
Holdings
Withdrawn status Lost status Damaged status Not for loan Permanent Location Current Location Date acquired Full call number Barcode Date last seen Price effective from Koha item type
        Indian Institute of Public Administration Indian Institute of Public Administration 2009-03-12 T41x54 R137 82969 2018-07-21 2018-07-21 Book

Powered by Koha